| 000 | 00604nam a22002177a 4500 | ||
|---|---|---|---|
| 999 |
_c1261 _d1261 |
||
| 001 | 10539 | ||
| 003 | BD-DhUAP | ||
| 005 | 20200204134030.0 | ||
| 008 | 200204s2007 ii ||||| |||| 001 0 eng d | ||
| 020 | _a9788175346086 | ||
| 040 |
_aBD-DhUAP _bEng _cBD-DhUAP _dBD-DhUAP |
||
| 082 |
_223 _a342.54 BAK |
||
| 100 | _aBakshi, P. M. | ||
| 245 |
_aConstitutional law of India / _cP. M. Bakshi. |
||
| 250 | _a8th ed. | ||
| 260 |
_aNew Delhi : _bUniversal Law Pub. Co., _cc2007. |
||
| 300 |
_acii, 437 pages ; _c25 cm. |
||
| 500 | _aIncludes index. | ||
| 650 |
_aConstitutional law _z India. |
||
| 942 |
_2ddc _cBK |
||